| 000 | 01076cam a2200289 a 4500 | ||
|---|---|---|---|
| 999 |
_c9557 _d9557 |
||
| 001 | 1598578 | ||
| 003 | OSt | ||
| 005 | 20210118145646.0 | ||
| 008 | 940922s1995 cou b 000 0 eng | ||
| 010 | _a 94038884 | ||
| 020 | _a1561793434 | ||
| 040 |
_aDLC _cDLC _dDLC |
||
| 050 | 0 | 0 |
_aHQ518 _b.Y37 1995 |
| 082 | 0 | 0 |
_a306.87 _220 |
| 100 | 1 | _aYates, Susan Alexander. | |
| 245 | 1 | 2 |
_aA house full of friends : _bhow to like the ones you love / _cSusan Alexander Yates. |
| 260 |
_aColorado Springs, Colo. : _bFocus on the Family Pub. ; _aDallas, Tex. : _bDistributed by Word Books, _c,c1995. |
||
| 300 |
_a189 p. ; _c25 cm. |
||
| 504 | _aIncludes bibliographical references (p. 189). | ||
| 650 | 0 | _aFamilies. | |
| 650 | 0 | _aInterpersonal relations. | |
| 650 | 0 |
_aFamilies _xReligious aspects _xChristianity. |
|
| 650 | 0 |
_aInterpersonal relations _xReligious aspects _xChristianity. |
|
| 906 |
_a7 _bcbc _corignew _d1 _eocip _f19 _gy-gencatlg |
||
| 942 |
_2ddc _cBK |
||